Study of the flame and non-flame burning of cellulosic materials

Salvato in:
Dettagli Bibliografici
Autore principale: Balog, Karol, 1949- (Autore)
Natura: Libro
Pubblicazione: Bratislava : Slovenská technická univerzita v Bratislave, 1986
Tags: Aggiungi Tag
Nessun Tag, puoi essere il primo ad aggiungerne!!

MARC

LEADER 00000nam a22000003a 4500
001 stu276676
005 20220401153433.1
008 131023s--------xo----------------------d
040 |a STU  |b slo 
041 0
044 |a xo 
100 1 |a Balog, Karol,  |d 1949-  |4 aut  |u M5000  |U MTF Materiálovotechnologická fakulta  |T MTF Ústav bezpečnosti, environmentu a kvality  |X 243  |U M5000  |Y 85  |7 A000000243 
245 1 |a Study of the flame and non-flame burning of cellulosic materials 
260 |a Bratislava :  |b Slovenská technická univerzita v Bratislave,  |c 1986